Ensayos de Economía /
Kaydedildi:
| Müşterek Yazar: | |
|---|---|
| Materyal Türü: | Kitap |
| Dil: | Spanish |
| Baskı/Yayın Bilgisi: |
Medellín, Colombia:
Universidad Nacional de Colombia. Facultad de Ciencias Humanas. Departamento de Economía
1990-
|
| Konular: | |
| Etiketler: |
Etiketle
Etiket eklenmemiş, İlk siz ekleyin!
|
MARC
| LEADER | 00000nam a22000007a 4500 | ||
|---|---|---|---|
| 003 | cru CIDCACS/IIS | ||
| 005 | 20201119133349.0 | ||
| 008 | 201119n ck |||p|r||||||0| ||spa|d | ||
| 999 | |c 43517 |d 43517 | ||
| 022 | |a 0121-117X | ||
| 040 | |c CRAI/IIS | ||
| 090 | |a REV1163 | ||
| 110 | 1 | |9 9742 |a Universidad Nacional de Colombia. |b Facultad de Ciencias Humanas. Departamento de Economía | |
| 245 | 1 | |a Ensayos de Economía / |c Universidad Nacional de Colombia. Facultad de Ciencias Humanas. Departamento de Economía | |
| 260 | |a Medellín, Colombia: |b Universidad Nacional de Colombia. Facultad de Ciencias Humanas. Departamento de Economía |c 1990- | ||
| 270 | |e Apartado Aéreo 3840 | ||
| 500 | |a EXISTENCIAS: 1990 1 (1-2) 1991 2 (4) 1992 3 (5) 1993 4 (7) 1994 5 (8) 1995 (9-10) 1998 (14) | ||
| 650 | 4 | |9 1839 |a DEUDA EXTERNA | |
| 650 | 0 | |9 3548 |a PRÉSTAMOS INTERNACIONALES | |
| 650 | 4 | |9 2660 |a BALANZA DE PAGOS | |
| 650 | 0 | |9 4683 |a CREDITO | |
| 650 | 0 | |9 1642 |a PAISES EN DESARROLLO | |
| 650 | 0 | |9 679 |a PAISES DESARROLLADOS | |
| 650 | 0 | |9 1182 |a URBANISMO | |
| 650 | 0 | |9 5363 |a CAMPESINOS | |
| 650 | 0 | |9 2378 |a SECTOR AGROPECUARIO | |
| 650 | 0 | |9 243 |a ESTADO | |
| 650 | 0 | |9 304 |a COMERCIO EXTERIOR | |
| 650 | 0 | |9 2806 |a RELACIONES ECONOMICAS INTERNACIONALES | |
| 651 | 0 | |9 4598 |a COLOMBIA | |
| 651 | 0 | |9 17 |a AMERICA LATINA | |
| 942 | |2 ddc |c PP | ||
